Normal view
MARC view
- Ogiela, Lidia, Ogiela, Marek R
Entry Personal Name
001 - CONTROL NUMBER
- control field: 68807
003 - CONTROL NUMBER IDENTIFIER
- control field: NUST
005 - DATE AND TIME OF LATEST TRANSACTION
- control field: 20210628204120.0
008 - FIXED-LENGTH DATA ELEMENTS
- fixed length control field: 210628|| aca||aabn | a|a d
040 ## - CATALOGING SOURCE
- Original cataloging agency: NUST
- Transcribing agency: NUST
100 ## - HEADING--PERSONAL NAME
- Personal name: Ogiela, Lidia, Ogiela, Marek R
670 ## - SOURCE DATA FOUND
- Source citation: Work cat.: (NUST): Ogiela, Lidia, Ogiela, Marek R, Advances in cognitive information systems, 2012
